| 000 | 00447nam a2200157Ia 4500 | ||
|---|---|---|---|
| 008 | 230312s9999||||xx |||||||||||||| ||und|| | ||
| 020 | _a0-470-62761-7 | ||
| 082 |
_a333.79 _bKEH-D |
||
| 100 | _aKeyhani; Ali | ||
| 245 | 0 | _aDesign of Smart Power Grid Renewable Energy Systems | |
| 260 |
_bWiley & Sons _aCanada _c2011 |
||
| 300 | _a565 | ||
| 546 | _aEng. | ||
| 650 |
_aEngineering _vDesign of Smart Power Grid Renewable Energy Systems |
||
| 942 | _cBK | ||
| 999 |
_c7811 _d7811 |
||